Science and you (Record no. 3787)
[ view plain ]
| 000 -LEADER | |
|---|---|
| fixed length control field | 00228nam a22000857a 4500 |
| 008 - FIXED-LENGTH DATA ELEMENTS--GENERAL INFORMATION | |
| fixed length control field | 161111b xxu||||| |||| 00| 0 eng d |
| 100 ## - MAIN ENTRY--PERSONAL NAME | |
| 9 (RLIN) | 1126 |
| Personal name | Lavakare. P. J |
| 245 ## - TITLE STATEMENT | |
| Title | Science and you |
| 260 ## - PUBLICATION, DISTRIBUTION, ETC. (IMPRINT) | |
| Place of publication, distribution, etc. | New Delhi |
| Name of publisher, distributor, etc. | National Book Trust |
| Date of publication, distribution, etc. | 2007 |
| Withdrawn status | Lost status | Source of classification or shelving scheme | Damaged status | Koha normalized classification for sorting | Not for loan | Home library | Current library | Shelving location | Date acquired | Total Checkouts | Full call number | Barcode | Date last seen | Price effective from | Koha item type |
|---|---|---|---|---|---|---|---|---|---|---|---|---|---|---|---|
| Dewey Decimal Classification | LAV_500_000000000000000_B8 | Good Samaritan School Library | Good Samaritan School Library | Science | 11/11/2016 | LAV500 B-8 | LAV5040 | 11/11/2016 | 11/11/2016 | Reference |